000 00633nam a2200229Ia 4500
003 OSt
005 20250707100511.0
008 210719s2000 xx 000 0 und d
020 _a981412673X
040 _cAL
041 _aeng
082 _a547 SOLS
100 _aT W Graham Solomons and Others
_9210909
245 _aStudy guide and solutions manual to accompany organic chemistry Ed 7
250 _a7
260 _aNY
_bJohn Wiley and Sons
_c2000
300 _axxv,589p.
_bPB
365 _b264
_cRs
650 _aOrganic Chemistry
_9210910
906 _aOrganic chemistry study guide solutions manual
942 _2ddc
_cBK
999 _c213825
_d213825